[Event "22.Deutsche Senioreneinzelmeisterschaft"]
[Site "Berlin"]
[Date "2010.08.20"]
[Round "5.57"]
[White "Vasiljev, Jurij"]
[Black "Smits, Oswald"]
[Result "1-0"]
[WhiteElo "2063"]
[BlackElo "1797"]
[PlyCount "79"]
[EventDate "2010.??.??"]

1. d4 Nf6 2. c4 e6 3. Nc3 Bb4 4. Qc2 c5 5. e3 cxd4 6. exd4 Nc6 7. Nf3 O-O 8.
Bg5 h6 9. Be3 d5 10. a3 Be7 11. Rd1 a6 12. Ne5 Qe8 13. Be2 dxc4 14. Nxc4 Nd7
15. Bf3 Ncb8 16. O-O Nc6 17. Rfe1 Bg5 18. Bxg5 hxg5 19. d5 Nd8 20. Nd6 Qe7 21.
dxe6 Nxe6 22. Nxc8 Raxc8 23. Bxb7 Rb8 24. Bxa6 Ndc5 25. Bc4 Qf6 26. b4 Nd4 27.
Qd2 Nce6 28. Nd5 Qd8 29. Re4 Nf5 30. Qe2 Re8 31. Ne3 Nfd4 32. Qb2 Kh7 33. Bxe6
Rxe6 34. Rexd4 Qe7 35. Rd7 Qe8 36. Qc2+ Kg8 37. R1d5 Rxe3 38. fxe3 Qxe3+ 39.
Qf2 Qc1+ 40. Rd1 1-0

[Event "22.Deutsche Senioreneinzelmeisterschaft"]
[Site "Berlin"]
[Date "2010.08.20"]
[Round "5.58"]
[White "Neumeister, Herbert"]
[Black "Dombrowsky, Michael"]
[Result "0-1"]
[WhiteElo "1795"]
[BlackElo "2047"]
[PlyCount "122"]
[EventDate "2010.??.??"]
[WhiteTeam "Schachvereinigung Dueren 13 Deric"]
[BlackTeam "SW Nuernberg Sued e.V."]

1. d4 e6 2. Nf3 d5 3. c4 b6 4. Nc3 Bb7 5. cxd5 exd5 6. Bf4 Bd6 7. Bg3 a6 8. e3
Qe7 9. Bh4 f6 10. Bd3 Nh6 11. O-O g5 12. Bg3 Bxg3 13. hxg3 O-O 14. Re1 f5 15.
Qb3 Qd8 16. Ne5 Nd7 17. e4 Nxe5 18. dxe5 fxe4 19. Nxe4 Kg7 20. Nf6 Rxf6 21.
exf6+ Qxf6 22. Qc3 Qxc3 23. bxc3 Ng8 24. Re5 h6 25. Rae1 Rf8 26. Re8 Bc8 27.
R1e5 c6 28. Rxf8 Kxf8 29. Bf5 Bxf5 30. Rxf5+ Ke7 31. Kf1 Nf6 32. Re5+ Kd6 33.
Re1 Ne4 34. Rc1 Kc5 35. Ke2 Kc4 36. f4 Nxg3+ 37. Kd2 gxf4 38. Re1 Ne4+ 39. Kc2
c5 40. Rh1 Nxc3 41. Rxh6 Nxa2 42. Rxb6 Nb4+ 43. Kd2 a5 44. Rf6 Nd3 45. Ra6 Kd4
46. Rxa5 c4 47. Ra4 Ne5 48. Ra8 Ke4 49. Rh8 Nd3 50. Rh4 d4 51. g3 c3+ 52. Kd1
Ke3 53. gxf4 Nxf4 54. Kc2 Ne2 55. Rh3+ Ke4 56. Rh4+ Kd5 57. Kd3 Nc1+ 58. Kc2
Na2 59. Rh8 Nb4+ 60. Kc1 Kc4 61. Rh4 Kb3 0-1

[Event "22.Deutsche Senioreneinzelmeisterschaft"]
[Site "Berlin"]
[Date "2010.08.20"]
[Round "5.59"]
[White "Zimmermann, Manfred"]
[Black "Weyrauch, Erich"]
[Result "0-1"]
[WhiteElo "1793"]
[BlackElo "2037"]
[PlyCount "112"]
[EventDate "2010.??.??"]
[WhiteTeam "Kieler SG von 1884 / Meerbauer"]
[BlackTeam "SV Letmathe 1933 e.V."]

1. d4 Nf6 2. c4 c6 3. Nc3 d5 4. Nf3 Nbd7 5. b3 e6 6. Qc2 Bd6 7. e3 O-O 8. Be2
Re8 9. O-O a6 10. a4 Qe7 11. Bb2 e5 12. dxe5 Nxe5 13. Nxe5 Bxe5 14. Bf3 Bg4 15.
Qe2 Bxf3 16. Qxf3 dxc4 17. Qe2 cxb3 18. a5 Qc7 19. g3 Rad8 20. Rfd1 Bxc3 21.
Bxc3 Ne4 22. Bd4 c5 23. Rdc1 Qd6 24. Bc3 Qe6 25. Be1 Rd5 26. Rab1 h6 27. Rxb3
Rd2 28. Bxd2 Qxb3 29. Be1 Rc8 30. Qf3 Qe6 31. Qe2 c4 32. Qb2 Qd5 33. Bc3 f6 34.
Qc2 f5 35. Rd1 Qf7 36. f3 Ng5 37. f4 Ne4 38. Qb2 Rc7 39. Rd4 Kh7 40. Qb4 h5 41.
Rd8 h4 42. Kg2 Qh5 43. Be1 Qe2+ 44. Kh3 Qg4+ 45. Kg2 h3+ 46. Kg1 Qe2 47. Rh8+
Kxh8 48. Qf8+ Kh7 49. Qxf5+ Kh6 50. Qxh3+ Kg6 51. Qe6+ Nf6 52. Bc3 Qd1+ 53. Kf2
Qc2+ 54. Kf3 Qxc3 55. g4 Qd3 56. h4 Qd5+ 0-1

[Event "22.Deutsche Senioreneinzelmeisterschaft"]
[Site "Berlin"]
[Date "2010.08.20"]
[Round "5.60"]
[White "Dziura, Dieter"]
[Black "Wiemer, Juergen"]
[Result "0-1"]
[WhiteElo "1779"]
[BlackElo "2011"]
[PlyCount "42"]
[EventDate "2010.??.??"]

1. Nf3 c5 2. c4 Nc6 3. Nc3 e6 4. g3 b6 5. Bg2 Bb7 6. O-O Nf6 7. b3 Be7 8. Bb2
O-O 9. e3 d5 10. cxd5 exd5 11. d4 Ba6 12. Re1 c4 13. Ne5 Na5 14. bxc4 Bxc4 15.
Qa4 Rc8 16. Rac1 a6 17. Qd1 h6 18. Nxc4 Nxc4 19. Qe2 Bb4 20. Rc2 Nxb2 21. Rxb2
Bxc3 0-1

[Event "22.Deutsche Senioreneinzelmeisterschaft"]
[Site "Berlin"]
[Date "2010.08.20"]
[Round "5.61"]
[White "Hamm, Georg"]
[Black "Grunewald, Peter"]
[Result "1/2-1/2"]
[WhiteElo "2006"]
[BlackElo "1778"]
[PlyCount "58"]
[EventDate "2010.??.??"]

1. e4 e5 2. Nf3 d6 3. Bc4 h6 4. O-O Nf6 5. Re1 Bg4 6. c3 Nbd7 7. d3 Be7 8. Nbd2
O-O 9. Nf1 Nb6 10. Bb3 c6 11. h3 Bd7 12. a4 a5 13. Be3 c5 14. Ng3 Qc7 15. d4
Rfe8 16. dxe5 dxe5 17. Nh4 c4 18. Bc2 Ng4 19. hxg4 Bxh4 20. Nf5 Bxf5 21. gxf5
Bf6 22. Qg4 Kf8 23. Qe2 Rac8 24. Red1 Rcd8 25. g3 Be7 26. Qh5 Nd7 27. Qe2 Nf6
28. Kg2 Qc6 29. f3 Bc5 1/2-1/2

[Event "22.Deutsche Senioreneinzelmeisterschaft"]
[Site "Berlin"]
[Date "2010.08.20"]
[Round "5.62"]
[White "Felser, Franz"]
[Black "Bullert, Wolfgang"]
[Result "1-0"]
[WhiteElo "1926"]
[BlackElo "1762"]
[PlyCount "57"]
[EventDate "2010.??.??"]
[WhiteTeam "VSF Flintbek"]
[BlackTeam "SC Empor Potsdam 1952 e.V."]

1. d4 d5 2. c4 e6 3. Nc3 c5 4. e3 Nc6 5. Nf3 Nf6 6. a3 cxd4 7. exd4 dxc4 8.
Bxc4 a6 9. O-O b5 10. Ba2 Bb7 11. d5 exd5 12. Nxd5 Nxd5 13. Bxd5 Be7 14. Be3
O-O 15. b4 Na5 16. Bxb7 Nxb7 17. Qb3 Nd6 18. Rfd1 Qb8 19. Ne5 Qb7 20. Ra2 Rad8
21. Rad2 Bf6 22. Ng4 Be7 23. Ne5 Bf6 24. f4 Ne4 25. Rd7 Rxd7 26. Rxd7 Qc8 27.
Rxf7 Kh8 28. Rxf8+ Qxf8 29. Nf7+ 1-0

[Event "22.Deutsche Senioreneinzelmeisterschaft"]
[Site "Berlin"]
[Date "2010.08.20"]
[Round "5.63"]
[White "Minz, Michail"]
[Black "Wawrinsky, Ludwig"]
[Result "1-0"]
[WhiteElo "1908"]
[BlackElo "1751"]
[PlyCount "99"]
[EventDate "2010.??.??"]

1. e4 e6 2. d4 b6 3. Bd3 Bb7 4. Nf3 Nf6 5. Qe2 d6 6. O-O Be7 7. Rd1 Qc8 8. c4
Nbd7 9. Nc3 e5 10. Nd5 exd4 11. Nxe7 Kxe7 12. Nxd4 Nc5 13. Nf5+ Kf8 14. f3 Nxd3
15. Qxd3 Qe8 16. Ng3 h5 17. Re1 h4 18. Nf5 Bc8 19. Bg5 h3 20. g3 Qe5 21. Bf4
Qxb2 22. Bd2 Bb7 23. a3 Re8 24. a4 Qe5 25. Bc3 Qe6 26. e5 dxe5 27. Rxe5 Qc6 28.
Bb4+ Kg8 29. Rxe8+ Qxe8 30. Re1 Qa8 31. Ne7+ Kf8 32. Ng6+ Kg8 33. Nxh8 Kxh8 34.
Re3 Ba6 35. Bc3 Qc6 36. Bxf6 gxf6 37. Re4 Qc5+ 38. Qd4 Qxd4+ 39. Rxd4 Kg7 40.
Kf2 Bc8 41. c5 b5 42. Rd8 Bb7 43. Rd7 a5 44. Rxc7 Bd5 45. Ra7 b4 46. Ke3 f5 47.
Rxa5 Bc6 48. f4 Kf8 49. Kd4 f6 50. Ra6 1-0

[Event "22.Deutsche Senioreneinzelmeisterschaft"]
[Site "Berlin"]
[Date "2010.08.20"]
[Round "5.64"]
[White "Meiwald, Gerhard"]
[Black "Thieme, Wolfgang"]
[Result "1/2-1/2"]
[WhiteElo "1901"]
[BlackElo "1731"]
[PlyCount "30"]
[EventDate "2010.??.??"]
[WhiteTeam "Husumer SV von 1898"]
[BlackTeam "SG Nettetal 1929"]

1. d4 Nf6 2. Nf3 g6 3. Bf4 Bg7 4. e3 O-O 5. c4 d5 6. Nc3 c5 7. Be2 Qa5 8. O-O
dxc4 9. Bxc4 Nh5 10. Be5 Nc6 11. Bxg7 Kxg7 12. Ne5 cxd4 13. Nxc6 bxc6 14. Qxd4+
Nf6 15. Rfd1 Bg4 1/2-1/2

[Event "22.Deutsche Senioreneinzelmeisterschaft"]
[Site "Berlin"]
[Date "2010.08.20"]
[Round "5.65"]
[White "Kuehn, Peter"]
[Black "Lomer, Edmund"]
[Result "0-1"]
[WhiteElo "1774"]
[BlackElo "1899"]
[PlyCount "132"]
[EventDate "2010.??.??"]

1. e4 d5 2. exd5 Qxd5 3. Nc3 Qa5 4. d4 c6 5. Bc4 Bf5 6. Bd2 e6 7. Nf3 Qb6 8.
Bb3 Nf6 9. Qe2 Be7 10. O-O-O Nbd7 11. Rhe1 O-O 12. Nh4 Bg4 13. f3 Bh5 14. g4
Nd5 15. Nxd5 cxd5 16. gxh5 Bxh4 17. Rg1 Bf6 18. Bc3 a5 19. a4 Qc7 20. Rg4 Kh8
21. Rdg1 Rg8 22. h4 Qb6 23. Qg2 Qd8 24. Bd2 Rc8 25. Kb1 Nb8 26. Bg5 Nc6 27. c3
Bxg5 28. Rxg5 Qf6 29. Bc2 Ne7 30. Qe2 g6 31. hxg6 Nxg6 32. Qd3 h6 33. R5g4 Rg7
34. Qe3 Rcg8 35. Qxh6+ Rh7 36. Qc1 Qxf3 37. R4g3 Qf6 38. Rg5 Rxh4 39. Qe1 Rh6
40. Qc1 Kg7 41. Qe3 Rgh8 42. Qg3 Rh1 43. Rxh1 Rxh1+ 44. Ka2 Rh6 45. Rg4 Qe7 46.
Qe5+ f6 47. Qg3 f5 48. Rg5 Kf6 49. Qg1 Qh7 50. Kb3 Qc7 51. Ka2 Qc4+ 52. Bb3 Qe2
53. Rg2 Qe4 54. Bc2 Qf4 55. Kb3 Qh4 56. Ka2 Nf4 57. Rg8 Rg6 58. Rxg6+ Nxg6 59.
Qg2 Qg4 60. Qh2 f4 61. Bxg6 Kxg6 62. Qh8 f3 63. Qg8+ Kh5 64. Qh7+ Kg5 65. Qxb7
Qh4 66. Qe7+ Kh5 0-1

[Event "22.Deutsche Senioreneinzelmeisterschaft"]
[Site "Berlin"]
[Date "2010.08.20"]
[Round "5.66"]
[White "Piastowski, Kurt"]
[Black "Mueller, Klaus"]
[Result "1/2-1/2"]
[WhiteElo "1769"]
[BlackElo "1898"]
[PlyCount "117"]
[EventDate "2010.??.??"]
[WhiteTeam "SC Turm Lueneburg e.V."]
[BlackTeam "SG Lok Brandenburg, Abt. Schach"]

1. d4 d5 2. Nf3 Nf6 3. Bg5 Nbd7 4. e3 c6 5. Nbd2 e6 6. c4 Be7 7. Bd3 dxc4 8.
Nxc4 b5 9. Ncd2 a6 10. Rc1 Bb7 11. O-O Rc8 12. Ne4 Nxe4 13. Bxe7 Qxe7 14. Bxe4
f5 15. Bb1 c5 16. dxc5 Rxc5 17. Rxc5 Nxc5 18. Qe2 O-O 19. Ne5 Nd7 20. Nxd7 Qxd7
21. Rd1 Bd5 22. e4 fxe4 23. Bxe4 Qf7 24. Bb1 g6 25. f3 Qf6 26. b3 Kf7 27. Rc1
Qf4 28. Qc2 Kg8 29. Re1 Qg5 30. Qc1 Qh4 31. Be4 Qf6 32. Qe3 Kg7 33. Rd1 Qe5 34.
Qd4 Kf6 35. Bxd5 Qxd4+ 36. Rxd4 Ke5 37. Re4+ Kxd5 38. Re2 Rf7 39. Kf2 a5 40.
Ke3 Rc7 41. Rd2+ Ke5 42. f4+ Kf6 43. Ke4 h5 44. g3 Rc3 45. Re2 a4 46. Kd4 Rc1
47. bxa4 Rc4+ 48. Kd3 Rxa4 49. Rb2 h4 50. Ke3 hxg3 51. hxg3 Ra3+ 52. Kf2 b4 53.
Rxb4 Rxa2+ 54. Kf3 g5 55. Kg4 gxf4 56. gxf4 Rg2+ 57. Kf3 Rg1 58. Rb6 Rd1 59.
Ke4 1/2-1/2

[Event "22.Deutsche Senioreneinzelmeisterschaft"]
[Site "Berlin"]
[Date "2010.08.20"]
[Round "5.68"]
[White "Bachmann, Rolf"]
[Black "Appel, Juergen"]
[Result "1-0"]
[WhiteElo "1880"]
[BlackElo "1714"]
[PlyCount "105"]
[EventDate "2010.??.??"]
[WhiteTeam "SVigung Hamm"]
[BlackTeam "Zwickauer SC"]

1. c4 g6 2. Nc3 Bg7 3. g3 d6 4. Bg2 c6 5. d4 Nf6 6. e4 O-O 7. Nge2 e5 8. O-O
Na6 9. a3 Nc7 10. Qc2 Rb8 11. b4 Be6 12. dxe5 dxe5 13. Rd1 Qc8 14. Na4 Bh3 15.
Be3 Bxg2 16. Kxg2 b6 17. f3 Ne6 18. c5 b5 19. Nb2 Qc7 20. a4 a6 21. axb5 axb5
22. Nd3 Ra8 23. Qc3 Nh5 24. Ra3 Rxa3 25. Qxa3 Rd8 26. Ra1 Qd7 27. Nf2 Nc7 28.
Rd1 Qe7 29. Rxd8+ Qxd8 30. Bc1 Nf6 31. Bb2 Nfe8 32. Bc3 f6 33. Qa2+ Kf8 34. Nc1
Qa8 35. Qb2 Ne6 36. Nb3 Qc8 37. Na5 Nd8 38. Qa2 Nc7 39. Qd2 Ke8 40. f4 Qd7 41.
Qb2 Qe6 42. fxe5 fxe5 43. h3 h5 44. g4 Ke7 45. Qe2 Ne8 46. gxh5 Bh6 47. hxg6
Qxg6+ 48. Qg4 Qh7 49. Qh4+ Ke6 50. Qxd8 Qg6+ 51. Kf1 Be3 52. Nxc6 Qf7 53. Qh4
1-0

[Event "22.Deutsche Senioreneinzelmeisterschaft"]
[Site "Berlin"]
[Date "2010.08.20"]
[Round "5.69"]
[White "Jendrossek, Hans"]
[Black "Vossen, Leo"]
[Result "0-1"]
[WhiteElo "1748"]
[BlackElo "1874"]
[PlyCount "68"]
[EventDate "2010.??.??"]
[WhiteTeam "SC Schwarzer Springer Schmargend"]
[BlackTeam "SF Erkelenz 1959 e.V."]

1. d4 d5 2. c4 c6 3. Nf3 Nf6 4. Nc3 Bf5 5. Bg5 e6 6. e3 Bb4 7. Bxf6 Qxf6 8. Be2
Nd7 9. O-O O-O 10. Qb3 Qe7 11. a3 Bxc3 12. bxc3 Rab8 13. cxd5 exd5 14. Rfe1
Rfe8 15. Rad1 g5 16. h3 h5 17. Ne5 Nxe5 18. dxe5 g4 19. hxg4 hxg4 20. Rd4 Qxe5
21. Bxg4 Be4 22. f3 Qg3 23. Qd1 Bg6 24. Bh3 f5 25. Rf4 Re5 26. Qd2 Rbe8 27. Rb4
b5 28. a4 a6 29. axb5 axb5 30. Rf4 R8e7 31. Rd4 Rh7 32. Kh1 f4 33. Rxf4 Reh5
34. Rg4 Rxh3+ 0-1

[Event "22.Deutsche Senioreneinzelmeisterschaft"]
[Site "Berlin"]
[Date "2010.08.20"]
[Round "5.70"]
[White "Kolkwitz, Klaus"]
[Black "Oppermann, Peter"]
[Result "1/2-1/2"]
[WhiteElo "1742"]
[BlackElo "1867"]
[PlyCount "37"]
[EventDate "2010.??.??"]

1. d4 Nf6 2. Bf4 d5 3. e3 e6 4. Nd2 Be7 5. h3 b6 6. Ngf3 O-O 7. Bd3 Bb7 8. O-O
Nbd7 9. c3 c5 10. Ne5 Ne4 11. f3 Nxe5 12. Bxe5 Nxd2 13. Qxd2 Bd6 14. Qf2 Bxe5
15. dxe5 f5 16. f4 Qe7 17. g4 g6 18. Kh2 Kh8 19. Be2 1/2-1/2

[Event "22.Deutsche Senioreneinzelmeisterschaft"]
[Site "Berlin"]
[Date "2010.08.20"]
[Round "5.71"]
[White "Metzger, Eberhard"]
[Black "Trnovec, Mihaly"]
[Result "1/2-1/2"]
[WhiteElo "1732"]
[BlackElo "1866"]
[PlyCount "91"]
[EventDate "2010.??.??"]
[WhiteTeam "SV Werder/H."]
[BlackTeam "SC Haar 1931"]

1. e4 c5 2. Nc3 Nc6 3. Bb5 Nd4 4. Bc4 e6 5. Nge2 Nxe2 6. Qxe2 d6 7. O-O a6 8.
d3 Ne7 9. Be3 b5 10. Bb3 Nc6 11. f4 Na5 12. Qf2 Be7 13. e5 Nb7 14. exd6 Bxd6
15. Ne4 Qc7 16. Ng5 c4 17. dxc4 bxc4 18. Ba4+ Bd7 19. Bxd7+ Qxd7 20. Bd4 O-O
21. Qh4 h6 22. Ne4 Be7 23. Qf2 f5 24. Nd2 Rac8 25. c3 Bc5 26. Nf3 Bxd4 27. Qxd4
Qxd4+ 28. Nxd4 Rfe8 29. Nf3 Nc5 30. Ne5 Ne4 31. Rad1 Re7 32. Rd4 Rec7 33. Rfd1
Rc5 34. Rd8+ Kh7 35. Rxc8 Rxc8 36. Rd4 Rb8 37. Nxc4 Rb7 38. Kf1 g5 39. g3 gxf4
40. gxf4 Kg6 41. Rd3 Rb5 42. b3 Kg7 43. Ke2 Rd5 44. Ne5 Kf6 45. Rxd5 Nxc3+ 46.
Kf3 1/2-1/2

[Event "22.Deutsche Senioreneinzelmeisterschaft"]
[Site "Berlin"]
[Date "2010.08.20"]
[Round "5.72"]
[White "Wolter, Guenter"]
[Black "Walther, Joachim"]
[Result "1-0"]
[WhiteElo "1725"]
[BlackElo "1864"]
[PlyCount "47"]
[EventDate "2010.??.??"]
[WhiteTeam "TSG Neustrelitz"]
[BlackTeam "Stahl Blankenburg"]

1. e4 c5 2. Nc3 Nc6 3. g3 g6 4. Bg2 Bg7 5. d3 e6 6. f4 d6 7. Nf3 Rb8 8. Rb1
Nge7 9. O-O O-O 10. Ne2 Qc7 11. c3 b6 12. h3 Ba6 13. Be3 Kh8 14. Qd2 f6 15. g4
d5 16. Qc2 Rbd8 17. Rbd1 e5 18. fxe5 Nxe5 19. Nf4 dxe4 20. Nxe5 fxe5 21. Ne6
Rxf1+ 22. Bxf1 exd3 23. Nxc7 dxc2 24. Rxd8+ 1-0

[Event "22.Deutsche Senioreneinzelmeisterschaft"]
[Site "Berlin"]
[Date "2010.08.20"]
[Round "5.73"]
[White "Wege, Hermann"]
[Black "Kievelitz, Bernd"]
[Result "1/2-1/2"]
[WhiteElo "1719"]
[BlackElo "1859"]
[PlyCount "80"]
[EventDate "2010.??.??"]

1. Nf3 Nf6 2. g3 b6 3. Bg2 Bb7 4. O-O e6 5. d3 Be7 6. Nbd2 O-O 7. e4 d6 8. Re1
c5 9. Nf1 Qc7 10. Ne3 Nbd7 11. h4 Ne5 12. Ng5 h6 13. Nh3 d5 14. exd5 Nxd5 15.
Nxd5 Bxd5 16. Bxd5 exd5 17. Qh5 Bd6 18. f4 Nc6 19. Qxd5 Nd4 20. Qg2 c4 21. c3
Nf5 22. d4 Rae8 23. Bd2 b5 24. Kh2 Qd7 25. Qf3 Bc7 26. h5 Ne7 27. Nf2 Nd5 28.
Ng4 Qf5 29. Ne5 Bxe5 30. Rxe5 Rxe5 31. dxe5 Rd8 32. Rc1 Nb4 33. Be3 Nc2 34. Bd4
Nxd4 35. cxd4 Rxd4 36. Re1 Rd2+ 37. Re2 Qc2 38. Rxd2 Qxd2+ 39. Kh3 Qxb2 40.
Qa8+ Kh7 1/2-1/2

[Event "22.Deutsche Senioreneinzelmeisterschaft"]
[Site "Berlin"]
[Date "2010.08.20"]
[Round "5.74"]
[White "Bonke, Hans-Juergen"]
[Black "Meinhardt, Guenther"]
[Result "1-0"]
[WhiteElo "1858"]
[BlackElo "1707"]
[PlyCount "85"]
[EventDate "2010.??.??"]

1. g3 c5 2. Bg2 d5 3. d3 e5 4. e3 Nf6 5. h3 Nc6 6. Nd2 Be7 7. b3 Be6 8. Bb2 O-O
9. Ne2 Rc8 10. O-O Qd7 11. Kh2 Ne8 12. f4 d4 13. e4 f5 14. fxe5 fxe4 15. Rxf8+
Bxf8 16. Nxe4 Nxe5 17. Bc1 Ng6 18. Qf1 Be7 19. Nf4 Nxf4 20. Bxf4 b5 21. Re1 Nf6
22. Qe2 Re8 23. Nf2 Bf7 24. Ne4 Nd5 25. Bd2 h6 26. Rf1 c4 27. bxc4 bxc4 28.
dxc4 Nb6 29. Re1 Bxc4 30. Qh5 Bf7 31. Qe2 Nc4 32. Bc1 Bc5 33. Rd1 Bf8 34. Qd3
Rd8 35. Bxh6 Ne5 36. Qd2 Bg6 37. Bg5 Be7 38. Bxe7 Qxe7 39. Re1 Nc4 40. Qg5 Qxg5
41. Nxg5 Bxc2 42. Bd5+ {Notation schwer lesbar} Kf8 43. Nf7 1-0

[Event "22.Deutsche Senioreneinzelmeisterschaft"]
[Site "Berlin"]
[Date "2010.08.20"]
[Round "5.75"]
[White "Neumann, Horst"]
[Black "Rehder, Frank"]
[Result "1/2-1/2"]
[WhiteElo "1852"]
[BlackElo "1694"]
[PlyCount "135"]
[EventDate "2010.??.??"]

1. d4 d6 2. Nf3 g6 3. Bg5 Bg7 4. Nbd2 Nf6 5. c3 O-O 6. e4 a5 7. Bd3 c6 8. O-O
Nbd7 9. Rc1 e5 10. h3 Qc7 11. Be3 Re8 12. Ng5 h6 13. Ngf3 Nf8 14. b3 Ne6 15.
Rc2 Nh5 16. Re1 Nef4 17. Bf1 g5 18. Kh2 Nf6 19. dxe5 dxe5 20. g3 Ng6 21. Bc5 b6
22. Ba3 c5 23. Bb5 Rd8 24. Ng1 Bb7 25. Qe2 Bc8 26. f3 Be6 27. Bc4 Bc8 28. Nf1
Nf8 29. Ne3 Be6 30. Rd1 Rxd1 31. Qxd1 Rd8 32. Rd2 Rxd2+ 33. Qxd2 Bxc4 34. Nxc4
b5 35. Qd6 Qxd6 36. Nxd6 b4 37. Bb2 Ne6 38. Nb7 bxc3 39. Bxc3 a4 40. bxa4 Nd7
41. a5 Nd4 42. a4 Bf8 43. Kg2 Nb8 44. Kf1 Na6 45. Ne2 f6 46. Nc1 Kf7 47. f4 Ke8
48. fxe5 fxe5 49. Nd3 Kd7 50. Nxe5+ Kc7 51. Nxc5 Bxc5 52. Nd3 Ba7 53. Kg2 Ne6
54. Kf3 Nac5 55. Nxc5 Bxc5 56. h4 Be7 57. Kg4 gxh4 58. gxh4 Bf8 59. Be5+ Kb7
60. Kf5 Nc5 61. Bf6 Nxa4 62. Kg6 Bb4 63. Kxh6 Bxa5 64. Kg7 Nc5 65. Be5 Nxe4 66.
h5 Bd2 67. h6 Bxh6+ 68. Kxh6 1/2-1/2

[Event "22.Deutsche Senioreneinzelmeisterschaft"]
[Site "Berlin"]
[Date "2010.08.20"]
[Round "5.76"]
[White "Fischer, Paul"]
[Black "Reer, Erdmann"]
[Result "0-1"]
[WhiteElo "1713"]
[BlackElo "1846"]
[PlyCount "132"]
[EventDate "2010.??.??"]

1. Nc3 Nf6 2. e4 e5 3. Nf3 Nc6 4. d4 exd4 5. Nd5 Nxd5 6. exd5 Nb4 7. a3 Nxd5 8.
Qxd4 Nf6 9. Bg5 Be7 10. Bc4 O-O 11. O-O d5 12. Bd3 h6 13. Bd2 c5 14. Qc3 c4 15.
Be2 Ne4 16. Qa5 b6 17. Qb5 Nxd2 18. Nxd2 a6 19. Qc6 Rb8 20. c3 Bb7 21. Qa4 Qd6
22. Bf3 b5 23. Qc2 Qf6 24. g3 Bc5 25. Bg2 Rfe8 26. Qd1 d4 27. Bxb7 Rxb7 28. Qh5
dxc3 29. Qxc5 cxd2 30. Qd5 Rbe7 31. Qxd2 Re2 32. Qd7 Qxb2 33. Qc6 Qf6 34. Qxf6
gxf6 35. Rfd1 Rb2 36. Rd6 Re6 37. Rd4 c3 38. Rd8+ Kg7 39. Rc8 Ree2 40. Rxc3
Rxf2 41. h4 Rg2+ 42. Kh1 Rh2+ 43. Kg1 Rbg2+ 44. Kf1 Ra2 45. Rxa2 Rxa2 46. g4
Kg6 47. Rf3 a5 48. Rf5 Rxa3 49. Rxb5 Ra4 50. h5+ Kg7 51. Ke2 Rxg4 52. Rxa5 Rg5
53. Ra4 Rxh5 54. Kf3 Rg5 55. Ra6 Kg6 56. Rb6 Ra5 57. Rb1 h5 58. Rg1+ Rg5 59.
Ra1 h4 60. Ra8 Rb5 61. Rg8+ Kf5 62. Rg7 Rb3+ 63. Kg2 Rg3+ 64. Rxg3 hxg3 65.
Kxg3 Ke4 66. Kf2 Kf4 0-1

[Event "22.Deutsche Senioreneinzelmeisterschaft"]
[Site "Berlin"]
[Date "2010.08.20"]
[Round "5.77"]
[White "Mietner, Franz"]
[Black "Riek, Wolfgang"]
[Result "0-1"]
[WhiteElo "1700"]
[BlackElo "1846"]
[PlyCount "139"]
[EventDate "2010.??.??"]
[WhiteTeam "ESV Grossenbaum e.V. 1973"]
[BlackTeam "SC Muelheim 08/25 e.V."]

1. e4 c5 2. Nf3 d6 3. d4 cxd4 4. Nxd4 Nf6 5. Nc3 a6 6. Be2 g6 7. Be3 Bg7 8. Qd2
h5 9. f3 Bd7 10. O-O-O Nc6 11. Nb3 b5 12. Nd5 Nxd5 13. exd5 Ne5 14. Na5 Qc7 15.
Bd4 Bh6 16. f4 O-O 17. g3 Bf5 18. Qc3 Qxc3 19. Bxc3 Ng4 20. Bxg4 Bxg4 21. Rde1
Rfe8 22. Re3 Bd7 23. Bd2 e5 24. Rhe1 Rab8 25. R3e2 f6 26. b3 Rec8 27. Bb4 Rb6
28. Bd2 Bg4 29. Rf2 Bf5 30. Be3 Rbb8 31. Nc6 Rb7 32. Bd2 Bf8 33. Kb2 Bd7 34.
Na5 Rbc7 35. c4 f5 36. Be3 Re8 37. Bb6 Rcc8 38. fxe5 dxe5 39. Rd1 Bb4 40. Rc1
Rb8 41. Bc7 Bxa5 42. Bxb8 Rxb8 43. c5 Rd8 44. a3 Be8 45. b4 Bc7 46. Rd2 Bc6 47.
Rcd1 Be8 48. d6 Bb8 49. d7 Bf7 50. Rd6 e4 51. Rc6 Be5+ 52. Kc2 Kf8 53. Rxa6 Bc4
54. c6 Bd3+ 55. Kc1 Ke7 56. Rb6 Bc7 57. Rb7 Kd6 58. Rxb5 Kxc6 59. Rc5+ Kxd7 60.
Kb2 Bd6 61. Rd5 Ke6 62. R1xd3 exd3 63. Rxd3 Be5+ 64. Kc2 Rxd3 65. Kxd3 Kd5 66.
b5 Kc5 67. a4 h4 68. Ke3 hxg3 69. hxg3 Bxg3 70. Kf3 0-1

[Event "22.Deutsche Senioreneinzelmeisterschaft"]
[Site "Berlin"]
[Date "2010.08.20"]
[Round "5.78"]
[White "Graw, Rolf"]
[Black "Plewka, Manfred"]
[Result "1/2-1/2"]
[WhiteElo "1695"]
[BlackElo "1845"]
[PlyCount "102"]
[EventDate "2010.??.??"]
[WhiteTeam "VfR-SC Koblenz"]
[BlackTeam "SV VHS Rendsburg"]

1. f4 Nf6 2. b3 e6 3. Nf3 Be7 4. e3 d5 5. Bb2 O-O 6. Bd3 h6 7. O-O c5 8. Ne5
Nbd7 9. Rf3 Ne4 10. Nxd7 Bxd7 11. Rh3 e5 12. Rh5 exf4 13. exf4 Nf6 14. Bxf6
Bxf6 15. Nc3 Bc6 16. Qg4 Bd4+ 17. Kf1 Qf6 18. Re1 Bxc3 19. dxc3 Rae8 20. Ree5
Rxe5 21. Rxe5 Re8 22. Rxe8+ Bxe8 23. g3 Qe6 24. Qe2 Kf8 25. c4 d4 26. Qxe6 fxe6
27. Be4 b6 28. Ke2 Ke7 29. c3 g5 30. cxd4 cxd4 31. Kd3 gxf4 32. gxf4 Kd6 33.
Kxd4 a5 34. a3 Bh5 35. b4 axb4 36. axb4 Bg4 37. c5+ bxc5+ 38. bxc5+ Ke7 39. Ke5
Be2 40. f5 exf5 41. Bxf5 Bb5 42. Kd5 Be8 43. c6 Bxc6+ 44. Kxc6 Kf6 45. Bc8 Kg7
46. Kd6 Kh7 47. Ke6 Kg7 48. Kf5 Kh7 49. Bb7 Kg8 50. Kg6 Kh8 51. Kxh6 Kg8
1/2-1/2

[Event "22.Deutsche Senioreneinzelmeisterschaft"]
[Site "Berlin"]
[Date "2010.08.20"]
[Round "5.79"]
[White "Merettig, Georg"]
[Black "Klempt, Guenter"]
[Result "1-0"]
[WhiteElo "1691"]
[BlackElo "1843"]
[PlyCount "49"]
[EventDate "2010.??.??"]

1. Nc3 g6 2. f4 Bg7 3. e4 d6 4. d4 Nd7 5. Nf3 c5 6. d5 a6 7. a4 Ngf6 8. Bd3 O-O
9. O-O b6 10. Ne2 Qc7 11. c4 Rb8 12. Rb1 b5 13. axb5 axb5 14. e5 Ng4 15. e6
fxe6 16. dxe6 Nb6 17. h3 Nh6 18. Ng5 bxc4 19. Bc2 Nf5 20. Bxf5 Rxf5 21. Ng3 Rf8
22. Qg4 Nd5 23. f5 h6 24. Nf7 Nf6 25. Qxg6 1-0

[Event "22.Deutsche Senioreneinzelmeisterschaft"]
[Site "Berlin"]
[Date "2010.08.20"]
[Round "5.80"]
[White "Hoffmann, Peter"]
[Black "Kraemer, Franz-Josef"]
[Result "1-0"]
[WhiteElo "1838"]
[BlackElo "1687"]
[PlyCount "105"]
[EventDate "2010.??.??"]

1. d4 f5 2. c4 Nf6 3. Nc3 g6 4. h4 Bg7 5. h5 Nxh5 6. Rxh5 gxh5 7. e4 O-O 8. e5
Nc6 9. f4 e6 10. Nf3 b6 11. Be3 Bb7 12. Qd2 Ne7 13. d5 Ng6 14. O-O-O Nh4 15.
Nd4 c5 16. Ndb5 a6 17. Nd6 Bc8 18. Qf2 Qe7 19. Be2 Ng6 20. Bxh5 Qh4 21. Qf3 Qe7
22. dxe6 Ra7 23. Nd5 Qxe6 24. Bxg6 hxg6 25. Qh3 Bb7 26. Rh1 Rf7 27. Nxb6 Be4
28. Bxc5 Rc7 29. Nxe4 Rxc5 30. Nxc5 Qxb6 31. Nb3 Qe6 32. Qd3 Rf8 33. Nc5 Qc6
34. Qd5+ Rf7 35. Qxc6 dxc6 36. Rd1 Bf8 37. Nd7 Bh6 38. g3 g5 39. Nf6+ Kg7 40.
Kc2 gxf4 41. gxf4 Re7 42. Rh1 Re6 43. Kd3 Kg6 44. Rf1 Bg7 45. Rg1+ Kf7 46. Nh5
Bh6 47. Ke2 Re7 48. Kf3 Rd7 49. e6+ Kxe6 50. Rg6+ Ke7 51. Rxh6 Rd3+ 52. Ke2 Rh3
53. Ng3 1-0

[Event "22.Deutsche Senioreneinzelmeisterschaft"]
[Site "Berlin"]
[Date "2010.08.20"]
[Round "5.81"]
[White "Bernhoeft, Erhard"]
[Black "Weber, Gerhard"]
[Result "1-0"]
[WhiteElo "1825"]
[BlackElo "1690"]
[PlyCount "102"]
[EventDate "2010.??.??"]
[WhiteTeam "Potsdamer SV Mitte e.V."]
[BlackTeam "SK Bad Harzburg von 1927"]

1. g3 d5 2. Bg2 Nf6 3. d3 e5 4. Nf3 Nc6 5. Nbd2 Be7 6. c4 O-O 7. cxd5 Nxd5 8.
O-O Be6 9. Nc4 f6 10. h3 Rb8 11. Qc2 b5 12. Ncd2 Ncb4 13. Qb1 a5 14. a3 Na6 15.
Qc2 c5 16. Ne4 Qb6 17. Bd2 Rfc8 18. b3 Rc7 19. Rfb1 Rbc8 20. Qd1 b4 21. Qe1 Nb8
22. g4 Nc6 23. g5 f5 24. Ng3 g6 25. e4 Nf4 26. Bxf4 exf4 27. Ne2 Nd4 28. Nfxd4
cxd4 29. Nxf4 Bxg5 30. Nd5 Bxd5 31. exd5 Re7 32. Qd1 Rc3 33. axb4 axb4 34. Ra8+
Kg7 35. Rba1 Qd6 36. R8a6 Qxa6 37. Rxa6 Rc1 38. Ra1 Rxd1+ 39. Rxd1 Rd7 40. Ra1
Be7 41. Ra6 Kh6 42. Bf3 Kg5 43. Kg2 Kf4 44. Rc6 Bf8 45. Rc8 Rf7 46. Re8 Bd6 47.
Rd8 Ke5 48. Re8+ Re7 49. Rd8 Rf7 50. h4 Be7 51. Rd7 Kf6 1-0